000 00674nam a2200181Ia 4500
003 GCL
008 140319s9999 xx 000 0 ara d
040 _aGCL /
_cGCL
082 0 4 _a811.6
_bس د
100 1 _aسعد بن محمد بن سعد الصيفى
245 1 0 _aديوان الامير شهاب الدين القوارس المعروف ب حيص بيص (الجزء الثانى) /
_cسعد بن محمد بن سعد الصيفى
700 1 _aسعد بن محمد بن سعد الضيعى التى
300 _a416 ص
490 _aسلسلة كتب التراث
_v0
650 0 4 _aالشعر العربى
650 0 4 _aالادب العربى
942 _2ddc
_cBK
999 _c40775
_d40775